Statistics for FIFA 23 RANDOM PLAYERS COUNTRY QUIZ #9

Click here to take the quiz!

General Stats

  • This quiz has been taken 12 times
  • The average score is 15 of 20

Answer Stats

HintAnswer% Correct
PeléBrazil
100%
Johan CruyffNetherlands
100%
Thiago AlcântaraSpain
100%
Ángel Di MaríaArgentina
91%
Alan ShearerEngland
91%
Dirk KuytNetherlands
91%
Henrik LarssonSweden
91%
Douglas LuizBrazil
82%
Andrej KramarićCroatia
82%
Adam HložekCzech Republic
82%
Sébastien HallerIvory Coast
82%
Edinson CavaniUruguay
82%
Gabriel MartinelliBrazil
73%
David RaumGermany
73%
Xaver SchlagerAustria
64%
Matteo DarmianItaly
64%
VitinhaPortugal
64%
Amir RrahmaniKosovo
55%
Nayef AguerdMorocco
45%
Zeki AmdouniSwitzerland
27%

Score Distribution

Percentile by Number Answered

Percent of People with Each Score

Your Score History

You have not taken this quiz